|
|
|
|
| LEADER |
01182nam a22002657i 4500 |
| 001 |
28918 |
| 003 |
BD-DhAAL |
| 005 |
20150228102817.0 |
| 008 |
150228s2011 bg 000 1 ben |
| 020 |
|
|
|a 9789845040990
|
| 040 |
|
|
|a BD-DhAAL
|c BD-DhAAL
|
| 041 |
|
|
|a ben
|
| 042 |
|
|
|a lcode
|
| 082 |
|
|
|a 891.4/4371
|
| 100 |
1 |
|
|a সিদ্দিকি, মামুন
|9 6691
|
| 245 |
1 |
0 |
|a রবীন্দ্রনাথঃ
|c মামুন সিদ্দিকী।
|b 'গল্পসল্প' /
|
| 260 |
|
|
|a ঢাকাঃ
|b মূর্ধন্য,
|c ২০১১।
|
| 300 |
|
|
|a ৮০ পৃ ;
|c ২২ সেমি
|
| 541 |
|
|
|e 28918
|
| 546 |
|
|
|a In Bengali.
|
| 651 |
|
0 |
|a Bangladesh
|x Fiction
|9 6692
|
| 942 |
|
|
|2 ddc
|c BK
|
| 999 |
|
|
|c 33809
|d 33809
|
| 952 |
|
|
|0 0
|1 0
|2 ddc
|4 0
|6 891_443710000000000_SID
|7 0
|9 52793
|a BRACUL
|b BRACUL
|c GEN
|d 2015-02-28
|e BRAC Institute of Language (BIL)
|l 5
|m 13
|o 891.44371 SID
|p 3010028918
|r 2025-08-04
|s 2025-07-21
|t 1
|w 2015-02-28
|y BK
|x Transferred from BIL to BRACUL on 06/06/22
|
| 952 |
|
|
|0 0
|1 0
|2 ddc
|4 0
|6 891_400000000000000_4371_SID
|7 0
|9 62841
|a SCL
|b SCL
|c GEN
|d 2018-03-12
|e Gift: BLC, Savar
|g 120.00
|l 0
|o 891.44371 SID
|p 3020009602
|r 2018-03-12
|t 2
|w 2018-03-12
|y BK
|